[Event "11th FIDE World Cup"]
[Site "Sochi RUS"]
[Date "2021.07.14"]
[Round "1.4"]
[White "Gukesh, Dommaraju"]
[Black "Teclaf, Pawel"]
[Result "1/2-1/2"]
[WhiteElo "2578"]
[BlackElo "2514"]
[PlyCount "71"]
[EventDate "2021.07.12"]

1. d4 e6 2. c4 b6 3. Nc3 Bb4 4. e3 Bb7 5. Nge2 f5 6. a3 Bd6 7. d5 Nf6 8. Nd4
O-O 9. Be2 Ne4 10. Bd2 Qg5 11. Bf3 Na6 12. b4 c5 13. dxc6 dxc6 14. g3 Be5 15.
Nxe4 fxe4 16. Bxe4 Rad8 17. O-O Qf6 18. Qe2 Nc7 19. Rad1 Bxd4 20. exd4 Rxd4 21.
Bf4 Rxd1 22. Rxd1 Ne8 23. Qh5 h6 24. b5 g5 25. Be3 Ng7 26. Qg4 Nf5 27. bxc6
Nxe3 28. fxe3 Bc8 29. Qe2 Qe5 30. Qd3 Qb2 31. Rf1 Rxf1+ 32. Kxf1 Ba6 33. Qd8+
Kf7 34. Qd7+ Kf6 35. Qd8+ Kf7 36. Qd7+ 1/2-1/2

[Event "11th FIDE World Cup"]
[Site "Sochi RUS"]
[Date "2021.07.14"]
[Round "1.3"]
[White "Nikolov, Momchil"]
[Black "Perez Ponsa, Federico"]
[Result "1/2-1/2"]
[WhiteElo "2547"]
[BlackElo "2554"]
[PlyCount "54"]
[EventDate "2021.07.12"]

1. d4 Nf6 2. c4 e6 3. Nc3 Bb4 4. Qc2 b6 5. e4 c5 6. d5 Qe7 7. Nge2 exd5 8. exd5
O-O 9. Bd2 d6 10. f3 Nbd7 11. O-O-O Re8 12. Ng3 Qd8 13. h3 a6 14. Nf5 Ne5 15.
f4 Ng6 16. Bd3 b5 17. Rhe1 Bxf5 18. Bxf5 bxc4 19. Bxg6 hxg6 20. f5 gxf5 21. Bg5
Qa5 22. Bxf6 gxf6 23. Qf2 Bxc3 24. Qg3+ Kh7 25. Qh4+ Kg7 26. Qg3+ Kh7 27. Qh4+
Kg7 1/2-1/2

[Event "11th FIDE World Cup"]
[Site "Sochi RUS"]
[Date "2021.07.16"]
[Round "2.2"]
[White "Vidit, Santosh Gujrathi"]
[Black "Fier, Alexandr"]
[Result "1/2-1/2"]
[WhiteElo "2726"]
[BlackElo "2569"]
[PlyCount "67"]
[EventDate "2021.07.12"]

1. d4 d5 2. c4 e6 3. Nf3 Nf6 4. g3 dxc4 5. Bg2 Nc6 6. Qa4 Bb4+ 7. Bd2 Nd5 8.
Bxb4 Ndxb4 9. O-O Rb8 10. Na3 O-O 11. Qb5 b6 12. Qxc4 Ba6 13. Nb5 Qd5 14. Qxd5
Nxd5 15. a4 Na5 16. Ne5 Rbd8 17. Nxa7 Nb3 18. Nac6 Bxe2 19. Ra3 Bxf1 20. Kxf1
Na5 21. Bxd5 exd5 22. Nxd8 Rxd8 23. Rc3 f6 24. Nd3 c6 25. b3 Kf7 26. Nb2 Ra8
27. b4 Nc4 28. Nxc4 dxc4 29. Rxc4 Rxa4 30. Rxc6 Rxb4 31. Rc7+ Kg6 32. d5 Rd4
33. Rb7 Rxd5 34. Rxb6 1/2-1/2

[Event "11th FIDE World Cup"]
[Site "Sochi RUS"]
[Date "2021.07.17"]
[Round "2.3"]
[White "Murzin, Volodar"]
[Black "Artemiev, Vladislav"]
[Result "1/2-1/2"]
[WhiteElo "2502"]
[BlackElo "2704"]
[PlyCount "123"]
[EventDate "2021.07.12"]

1. e4 c6 2. d4 d5 3. f3 Qb6 4. Nc3 dxe4 5. Nxe4 Bf5 6. Ng3 Bg6 7. f4 e6 8. Nf3
Nf6 9. c3 c5 10. d5 Nbd7 11. dxe6 fxe6 12. Bc4 O-O-O 13. Qe2 Bd6 14. O-O Rhe8
15. Ne5 Qc7 16. Re1 Kb8 17. a4 a6 18. a5 Nd5 19. Nxd7+ Rxd7 20. Nh5 Nxf4 21.
Nxf4 Bxf4 22. Bxf4 Qxf4 23. Rad1 Rxd1 24. Rxd1 Qc7 25. b4 cxb4 26. cxb4 Rd8 27.
Rxd8+ Qxd8 28. Qe5+ Qc7 29. Qxe6 Qf4 30. Qd5 Qc1+ 31. Kf2 Qb2+ 32. Kg3 Qc3+ 33.
Kf2 Qf6+ 34. Kg3 Be8 35. Qf3 Qg5+ 36. Qg4 Qe3+ 37. Kh4 Ka7 38. Qxg7 Qf4+ 39.
Qg4 Qxh2+ 40. Kg5 Qe5+ 41. Qf5 h6+ 42. Kg4 Qg7+ 43. Kf3 Qc3+ 44. Qd3 Bc6+ 45.
Kf4 Qf6+ 46. Ke3 Qg5+ 47. Kd4 Qxg2 48. Qe3 h5 49. Kc5 Qe4 50. Qxe4 Bxe4 51. Kd4
Bc6 52. Ke3 h4 53. Kf4 Bd7 54. Bd5 Kb8 55. Be4 Kc7 56. Bf3 Bc8 57. Be2 Kc6 58.
Bd3 Kc7 59. b5 axb5 60. Bxb5 Bd7 61. a6 bxa6 62. Ke4 1/2-1/2

[Event "11th FIDE World Cup"]
[Site "Sochi RUS"]
[Date "2021.07.15"]
[Round "2.1"]
[White "Gareyev, Timur"]
[Black "Yakovenko, Dmitry"]
[Result "1/2-1/2"]
[WhiteElo "2596"]
[BlackElo "2684"]
[PlyCount "116"]
[EventDate "2021.07.12"]

1. d4 Nf6 2. c4 e6 3. g3 Bb4+ 4. Nd2 d5 5. Bg2 O-O 6. Ngf3 b6 7. O-O Bb7 8. Ne5
Be7 9. Qc2 c5 10. dxc5 Bxc5 11. Ndf3 Nbd7 12. Bg5 Rc8 13. Nxd7 Qxd7 14. Ne5 Qc7
15. Bxf6 gxf6 16. Ng4 Be7 17. Qc3 Qd8 18. Rad1 b5 19. c5 h5 20. Rd4 f5 21. Nh6+
Kh7 22. Nxf5 exf5 23. Qd3 Bxc5 24. Rf4 Kg7 25. Rxf5 Rh8 26. Qxb5 Qb6 27. Qd3
Qg6 28. h4 Be7 29. Re1 Bf6 30. Kh2 Rcd8 31. Qf3 d4 32. Rxf6 Bxf3 33. Rxg6+ fxg6
34. Bxf3 Rhe8 35. Rd1 Rd6 36. Kg2 a5 37. Kf1 Kf6 38. Rd2 Rc8 39. Be4 Rc1+ 40.
Kg2 Ke5 41. Bc2 Ra1 42. f4+ Kf6 43. e4 Rb6 44. e5+ Ke7 45. Bb3 Rb1 46. Rxd4
Rxb2+ 47. Kf3 Rc6 48. Rd3 Rc1 49. Bd5 a4 50. Ke3 Re1+ 51. Kd4 Ree2 52. Bc4 Red2
53. Rxd2 Rxd2+ 54. Ke3 Rg2 55. Kf3 Rc2 56. Bd5 Rc3+ 57. Kf2 a3 58. Bg8 Rc2+
1/2-1/2

[Event "11th FIDE World Cup"]
[Site "Sochi RUS"]
[Date "2021.07.17"]
[Round "2.4"]
[White "Bacrot, Etienne"]
[Black "Haria, Ravi"]
[Result "1-0"]
[WhiteElo "2678"]
[BlackElo "2440"]
[PlyCount "91"]
[EventDate "2021.07.12"]

1. e4 e6 2. d4 d5 3. Nc3 Nf6 4. Bg5 h6 5. Bxf6 Qxf6 6. exd5 Bb4 7. Bc4 O-O 8.
Nge2 exd5 9. Bxd5 Rd8 10. O-O Nc6 11. Bb3 Bxc3 12. bxc3 Bg4 13. Qd3 Ne7 14. Ng3
Nd5 15. Rae1 Nf4 16. Qe3 Re8 17. Ne4 Qf5 18. f3 Bh3 19. g4 Qg6 20. Qxf4 Bxf1
21. Kxf1 Re7 22. Kf2 Rae8 23. h4 a5 24. a4 Qc6 25. g5 Kh8 26. Rg1 Qg6 27. gxh6
Qxh6 28. Qxh6+ gxh6 29. Bc4 Rg8 30. Rxg8+ Kxg8 31. Ng3 c6 32. Nf5 Rc7 33. Nxh6+
Kf8 34. Nf5 b5 35. Bb3 bxa4 36. Bxa4 Rb7 37. Nd6 Rb2 38. Ne4 Ra2 39. Nc5 Ra3
40. Bb3 Ra1 41. Ke3 Rh1 42. Ba4 Rxh4 43. Bxc6 Rh1 44. d5 Rd1 45. Ke2 Rc1 46.
Kd2 1-0

[Event "11th FIDE World Cup"]
[Site "Sochi RUS"]
[Date "2021.07.16"]
[Round "2.2"]
[White "Berkes, Ferenc"]
[Black "Tabatabaei, Mohammadamin"]
[Result "1/2-1/2"]
[WhiteElo "2673"]
[BlackElo "2613"]
[PlyCount "75"]
[EventDate "2021.07.12"]

1. d4 d5 2. Bf4 c5 3. e3 cxd4 4. exd4 Nc6 5. c3 Bf5 6. Bd3 Bxd3 7. Qxd3 e6 8.
Nd2 Nf6 9. Ngf3 Nh5 10. Be3 Bd6 11. O-O Nf4 12. Bxf4 Bxf4 13. Rfe1 O-O 14. Nb3
g6 15. g3 Bh6 16. a4 a5 17. Kg2 Ne7 18. h4 Nf5 19. Re2 Nd6 20. h5 g5 21. Ne5
Bg7 22. Nd2 Re8 23. h6 Bf8 24. Qf3 f6 25. Nd3 f5 26. Rxe6 Rxe6 27. Qxd5 Qf6 28.
Nc5 Rae8 29. Re1 Ne4 30. Ndxe4 fxe4 31. Nxe6 Qxe6 32. Qxg5+ Kh8 33. Qxa5 Qg4
34. Qb5 Re6 35. Qe2 Qf5 36. Rh1 Bxh6 37. Rh5 Qf7 38. d5 1/2-1/2

[Event "11th FIDE World Cup"]
[Site "Sochi RUS"]
[Date "2021.07.17"]
[Round "2.9"]
[White "Cheparinov, Ivan"]
[Black "Svane, Rasmus"]
[Result "1-0"]
[WhiteElo "2667"]
[BlackElo "2615"]
[PlyCount "109"]
[EventDate "2021.07.12"]

1. e4 e5 2. Nf3 Nc6 3. d4 exd4 4. Nxd4 Nf6 5. Nxc6 bxc6 6. e5 Qe7 7. Qe2 Nd5 8.
h4 Qe6 9. Nd2 a5 10. g3 Ba6 11. c4 Nb4 12. Bh3 Qg6 13. Ne4 h5 14. a3 Nd5 15.
O-O Nb6 16. Qf3 Qh7 17. Bf5 Qg8 18. c5 Nd5 19. Re1 Be7 20. Nd6+ Kd8 21. Bd2 Bc8
22. Ne4 f6 23. exf6 gxf6 24. Rad1 Qg7 25. Nc3 Bb7 26. Be4 Nxc3 27. Bxc3 Kc8 28.
Bf5 Rd8 29. Rxd7 Rxd7 30. Rd1 Kb8 31. Rxd7 Qf8 32. Qf4 Bd8 33. Qd4 Be7 34. Qf4
Bd8 35. Bd4 Bc8 36. Rh7 Bxf5 37. Qxf5 Kb7 38. Qxh5 Be7 39. Qf7 Rd8 40. Qxf8
Bxf8 41. Bxf6 Rd1+ 42. Kg2 Bxc5 43. Be5 Bb6 44. h5 Rd2 45. Rf7 Rd5 46. f4 Rd2+
47. Kh3 Bg1 48. Kg4 Kb6 49. h6 Rh2 50. h7 c5 51. Kg5 Bd4 52. Bxd4 cxd4 53. Kg6
d3 54. Rd7 d2 55. Rxd2 1-0

[Event "11th FIDE World Cup"]
[Site "Sochi RUS"]
[Date "2021.07.17"]
[Round "2.4"]
[White "Cori Tello, Jorge"]
[Black "Mareco, Sandro"]
[Result "1-0"]
[WhiteElo "2652"]
[BlackElo "2629"]
[PlyCount "104"]
[EventDate "2021.07.12"]

1. c4 e5 2. Nc3 Nf6 3. Nf3 Nc6 4. e3 Be7 5. d4 exd4 6. Nxd4 O-O 7. Nde2 Re8 8.
Nf4 Bb4 9. Bd2 d6 10. Be2 Bxc3 11. Bxc3 Ne4 12. Rc1 b6 13. O-O Nxc3 14. Rxc3
Bb7 15. Qd2 a5 16. Nd5 h6 17. Rd1 Ne5 18. Qd4 Nd7 19. b3 Nc5 20. Bf3 Ne6 21.
Qg4 Ng5 22. Ne7+ Qxe7 23. Bxb7 Rad8 24. Bc6 Rf8 25. Rcd3 f5 26. Qh5 Kh8 27. g3
Qf6 28. Qe2 Qg6 29. Bg2 Rde8 30. h4 Ne4 31. Qc2 Re7 32. a3 Qf6 33. Rd4 g5 34.
h5 Nc5 35. b4 axb4 36. axb4 Ne6 37. Rd5 f4 38. g4 fxe3 39. fxe3 Qg7 40. Rf5 Nd8
41. c5 Rxf5 42. cxd6 cxd6 43. Qxf5 Rf7 44. Qd5 Rf6 45. Qd4 Qe7 46. Qxb6 Nf7 47.
Qd4 Ne5 48. b5 Qc7 49. b6 Qc2 50. Qd2 Qb3 51. b7 Nxg4 52. Rc1 Rf8 1-0

[Event "11th FIDE World Cup"]
[Site "Sochi RUS"]
[Date "2021.07.17"]
[Round "2.4"]
[White "Kovalev, Vladislav"]
[Black "Sarana, Alexei"]
[Result "1/2-1/2"]
[WhiteElo "2637"]
[BlackElo "2640"]
[PlyCount "175"]
[EventDate "2021.07.12"]

1. e4 e5 2. Nf3 Nc6 3. Bb5 a6 4. Ba4 Nf6 5. O-O Nxe4 6. d4 b5 7. Bb3 d5 8. dxe5
Be6 9. c3 Bc5 10. Nbd2 O-O 11. Qe2 Bf5 12. Nxe4 dxe4 13. Ng5 Qd3 14. Qxd3 exd3
15. Be3 Be7 16. Bd5 Nxe5 17. Bxa8 Rxa8 18. Rfe1 Nc4 19. Nf3 Nxb2 20. Bc1 Ba3
21. Nd2 Nc4 22. Nxc4 Bxc1 23. Rexc1 bxc4 24. Rcb1 h5 25. Rb2 Re8 26. f3 Re5 27.
Kf2 g6 28. h4 Kg7 29. Re1 Ra5 30. Ke3 Kf6 31. Kd2 Be6 32. Ra1 Kf5 33. Ke3 Ra3
34. Rc1 Ke5 35. Rd2 Bd7 36. Rb2 Bc6 37. Rd2 Bb7 38. Rb2 Bd5 39. Rd2 Be6 40. Rb2
f6 41. Re1 Bd5 42. Rc1 Bc6 43. Rd2 Bd5 44. Rb2 Kf5 45. Rd2 g5 46. hxg5 fxg5 47.
Rb2 h4 48. Rd2 Bf7 49. Rb2 Be6 50. Rd2 Ra5 51. Rb2 Re5+ 52. Kf2 Kf4 53. Rg1 Bf5
54. Rd2 Bd7 55. Rb1 Ra5 56. Rb7 Ra3 57. Rxc7 Be6 58. Rc6 Kf5 59. Ke3 Rxc3 60.
Rxa6 Rc1 61. Ra5+ Kf6 62. Kd4 Rc2 63. Ke3 Rc1 64. Kd4 Ra1 65. Rc5 Bf7 66. Kc3
Rb1 67. a4 Rb3+ 68. Kd4 Ra3 69. a5 Be6 70. Rb2 Ra4 71. Kc3 Ra1 72. Rd2 Ke7 73.
Rxg5 Ra3+ 74. Kd4 Kd6 75. Rc5 Ra4 76. Rb5 Ra3 77. Rb6+ Kd7 78. Rxe6 Kxe6 79.
Kxc4 Rxa5 80. Kxd3 Rh5 81. Rd1 Rg5 82. Rd2 Rg3 83. Ke4 h3 84. gxh3 Rxh3 85. Ra2
Rh1 86. Ra6+ Kf7 87. Ke5 Rh5+ 88. Ke4 1/2-1/2

[Event "11th FIDE World Cup"]
[Site "Sochi RUS"]
[Date "2021.07.18"]
[Round "3.1"]
[White "Dubov, Daniil"]
[Black "Malakhov, Vladimir"]
[Result "1-0"]
[WhiteElo "2714"]
[BlackElo "2666"]
[PlyCount "79"]
[EventDate "2021.07.12"]

1. d4 d5 2. c4 c6 3. Nf3 Nf6 4. Nc3 a6 5. g3 dxc4 6. Bg2 g6 7. O-O Bg7 8. e4
O-O 9. Qe2 b5 10. a4 b4 11. Nd1 a5 12. Re1 Ba6 13. e5 Nd5 14. e6 f5 15. Ne5 Rf6
16. Nf7 Qc8 17. Ne3 Rxe6 18. Ng5 c3 19. Qc2 Rxe3 20. Bxe3 cxb2 21. Qxb2 Nd7 22.
Rac1 N7b6 23. Qb3 Bb7 24. Bf4 Bf6 25. Ne6 Kh8 26. Bh6 Qg8 27. h4 Rb8 28. Rc5
Ra8 29. Ng5 Ra7 30. Rc2 Qe8 31. Re6 Bxd4 32. h5 Bf6 33. Rce2 Bxg5 34. Qb2+ Nc3
35. Bxg5 Nbxa4 36. Qa1 Kg8 37. Re1 Ba6 38. Bxc6 Qd8 39. Bxa4 Qd5 40. Bc6 1-0

[Event "11th FIDE World Cup"]
[Site "Sochi RUS"]
[Date "2021.07.20"]
[Round "3.3"]
[White "Praggnanandhaa, Rameshbabu"]
[Black "Krasenkow, Michal"]
[Result "1-0"]
[WhiteElo "2608"]
[BlackElo "2591"]
[PlyCount "69"]
[EventDate "2021.07.12"]

1. b3 e5 2. Bb2 d6 3. c4 g6 4. d4 Nd7 5. dxe5 dxe5 6. Nf3 Bg7 7. e3 Ne7 8. Be2
O-O 9. Qd2 c6 10. Nc3 Nc5 11. Rd1 Qb6 12. Ba3 Re8 13. b4 Ne6 14. O-O Rd8 15.
Qc2 Bd7 16. Qb3 Nf5 17. Ne4 h5 18. Bb2 Qc7 19. c5 b6 20. Bc3 bxc5 21. bxc5 Rdb8
22. Qa3 a5 23. Bc4 f6 24. h3 Kh8 25. g4 hxg4 26. hxg4 Nh6 27. Rd6 Nxg4 28. Kg2
Nf8 29. Rh1+ Nh7 30. Nxf6 Bxf6 31. Rxf6 Ngxf6 32. Bxe5 Qd8 33. Ng5 Bh3+ 34.
Rxh3 Rb7 35. Qc3 1-0

[Event "11th FIDE World Cup"]
[Site "Sochi RUS"]
[Date "2021.07.18"]
[Round "3.1"]
[White "Navara, David"]
[Black "Durarbayli, Vasif"]
[Result "1/2-1/2"]
[WhiteElo "2675"]
[BlackElo "2625"]
[PlyCount "173"]
[EventDate "2021.07.12"]

1. e4 e5 2. Nf3 Nc6 3. Bb5 a6 4. Ba4 Nf6 5. O-O Be7 6. Re1 b5 7. Bb3 O-O 8. a4
Bb7 9. d3 d6 10. Bd2 h6 11. Nc3 Na5 12. Ba2 b4 13. Nd5 Nxd5 14. exd5 c5 15. c3
b3 16. Bxb3 Nxb3 17. Qxb3 Rb8 18. Qa2 Bc8 19. b4 cxb4 20. cxb4 Bg4 21. Re3 Qb6
22. a5 Qb5 23. h3 Bf5 24. Nxe5 dxe5 25. Rxe5 Bf6 26. Rxf5 Bxa1 27. Qxa1 Qxd3
28. Bxh6 f6 29. Rg5 Rb7 30. Rg4 Qxd5 31. Be3 Qe6 32. Bb6 Rd7 33. Qf1 Rc8 34.
Kh2 Qd6+ 35. g3 Qc6 36. Qe2 f5 37. Rh4 Rd6 38. Bc5 Re6 39. Qd3 Re1 40. Qc4+ Qe6
41. Qxe6+ Rxe6 42. Rd4 Rc7 43. Kg2 Kf7 44. Kf3 Kf6 45. Rd8 Rb7 46. h4 g6 47.
Rd5 Re4 48. Rd6+ Re6 49. Rd4 g5 50. hxg5+ Kxg5 51. Rd5 Kg6 52. Rd8 Rc7 53. Rd4
Rh7 54. Kf4 Rh1 55. Rd8 Re4+ 56. Kf3 Re6 57. Rg8+ Kf7 58. Rb8 Kg6 59. Rb6 Rhe1
60. Be3 Kf6 61. Kf4 Rd1 62. Rb8 Re4+ 63. Kf3 Rd5 64. Rb6+ Re6 65. Rb7 Rc6 66.
Rh7 Re6 67. Rh4 Kg6 68. Rc4 Kf6 69. Kf4 Kg6 70. Bb6 Rd3 71. f3 Rb3 72. Rd4 Rc3
73. Bc5 Kf6 74. Rd7 Rc4+ 75. Bd4+ Kg6 76. Rg7+ Kh6 77. Rd7 Kg6 78. g4 fxg4 79.
fxg4 Rf6+ 80. Kg3 Rf1 81. Rd6+ Kf7 82. g5 Rxb4 83. g6+ Ke7 84. Bc5 Rb5 85. Rd1+
Rxc5 86. Rxf1 Rg5+ 87. Kf4 1/2-1/2

[Event "11th FIDE World Cup"]
[Site "Sochi RUS"]
[Date "2021.07.23"]
[Round "4.2"]
[White "Carlsen, Magnus"]
[Black "Wojtaszek, Radoslaw"]
[Result "1/2-1/2"]
[WhiteElo "2847"]
[BlackElo "2691"]
[PlyCount "68"]
[EventDate "2021.07.12"]

1. e4 c5 2. Nf3 d6 3. Bb5+ Nd7 4. d4 cxd4 5. Nxd4 Ngf6 6. O-O a6 7. Ba4 e6 8.
c4 Be7 9. Nc3 O-O 10. Qe2 Qc7 11. f4 Nb6 12. Bb3 e5 13. Nf5 Bxf5 14. exf5 Rfe8
15. g4 exf4 16. Bxf4 Bf8 17. Qg2 Nxc4 18. g5 Nh5 19. Nd5 Qc5+ 20. Kh1 b5 21. g6
Rab8 22. Rad1 Nxf4 23. Rxf4 Re5 24. Rh4 Rxf5 25. Bc2 Qf2 26. gxf7+ Kxf7 27.
Bxf5 Qxh4 28. Rf1 Kg8 29. Rf4 Qe1+ 30. Rf1 Qe5 31. Qh3 Qxd5+ 32. Rf3 Qd1+ 33.
Rf1 Qd5+ 34. Rf3 Qd1+ 1/2-1/2

[Event "11th FIDE World Cup"]
[Site "Sochi RUS"]
[Date "2021.07.24"]
[Round "4.4"]
[White "Carlsen, Magnus"]
[Black "Wojtaszek, Radoslaw"]
[Result "1-0"]
[WhiteElo "2847"]
[BlackElo "2691"]
[PlyCount "95"]
[EventDate "2021.07.12"]

1. d4 Nf6 2. c4 e6 3. Nc3 Bb4 4. e3 O-O 5. Bd3 c5 6. Nge2 d5 7. cxd5 cxd4 8.
exd4 Nxd5 9. O-O Nc6 10. Nxd5 exd5 11. Nf4 Bd6 12. Be3 Bxf4 13. Bxf4 Qf6 14.
Be3 Nb4 15. Bb1 Bf5 16. Qb3 Bxb1 17. Raxb1 Qd6 18. a3 Na6 19. Rbc1 Qd7 20. Bf4
Rac8 21. Qg3 f6 22. h4 Rxc1 23. Rxc1 Rc8 24. Rxc8+ Qxc8 25. b4 b5 26. h5 Qd7
27. Qf3 h6 28. Qc3 Qf5 29. g3 Qd7 30. Qc2 Kf8 31. Qh7 Nc7 32. Bxh6 Qg4 33. Be3
Ne6 34. Qh8+ Kf7 35. Qc8 Qe4 36. Qd7+ Kg8 37. Qxa7 Ng5 38. Bxg5 Qe1+ 39. Kg2
Qe4+ 40. Kh2 fxg5 41. Qb8+ Kf7 42. Qc7+ Kf6 43. Qd6+ Kf7 44. Qg6+ Qxg6 45.
hxg6+ Kxg6 46. g4 Kf6 47. Kg3 Ke6 48. Kf3 1-0

[Event "11th FIDE World Cup"]
[Site "Sochi RUS"]
[Date "2021.07.22"]
[Round "4.1"]
[White "Tabatabaei, Mohammadamin"]
[Black "Harikrishna, Pentala"]
[Result "1-0"]
[WhiteElo "2613"]
[BlackElo "2730"]
[PlyCount "113"]
[EventDate "2021.07.12"]

1. d4 d5 2. c4 dxc4 3. Nf3 Nf6 4. e3 e6 5. Bxc4 a6 6. O-O c5 7. Be2 cxd4 8.
Nxd4 Bd7 9. e4 Nc6 10. Nc3 Be7 11. Be3 Nxd4 12. Bxd4 Bc6 13. Qd3 O-O 14. Rfd1
Qb8 15. a4 Qf4 16. f3 Rad8 17. Qe3 Qxe3+ 18. Bxe3 Bb4 19. Na2 Be7 20. b3 Rxd1+
21. Rxd1 Rc8 22. Rc1 Bd7 23. Rxc8+ Bxc8 24. b4 Bd7 25. a5 Ne8 26. Kf2 Nc7 27.
Bc5 Bxc5+ 28. bxc5 Kf8 29. Nb4 Ke7 30. Ke3 Bb5 31. Bxb5 Nxb5 32. c6 bxc6 33. e5
Nc7 34. Kd4 Kd7 35. Kc5 f6 36. Nxc6 Nd5 37. exf6 gxf6 38. Nb8+ Kc7 39. Nxa6+
Kb7 40. Nb4 Ne3 41. a6+ Ka7 42. Kd6 e5 43. Ke6 Nxg2 44. Kxf6 Nh4 45. Nc6+ Kxa6
46. Nxe5 Ng2 47. Kg7 Kb6 48. Kxh7 Kc5 49. Kg6 Kd4 50. Kf6 Ke3 51. Kf5 Kd4 52.
f4 Kd5 53. Ng6 Ne3+ 54. Kg5 Ke6 55. h4 Nc4 56. h5 Nd6 57. Ne5 1-0

[Event "11th FIDE World Cup"]
[Site "Sochi RUS"]
[Date "2021.07.24"]
[Round "4.3"]
[White "Svidler, Peter"]
[Black "Vitiugov, Nikita"]
[Result "1-0"]
[WhiteElo "2714"]
[BlackElo "2724"]
[PlyCount "89"]
[EventDate "2021.07.12"]

1. e4 c5 2. Nf3 d6 3. Bb5+ Nd7 4. d4 cxd4 5. Nxd4 Ngf6 6. O-O a6 7. Ba4 e6 8.
c4 Be7 9. Nc3 O-O 10. Qe2 Qc7 11. f4 Nb6 12. Bb3 e5 13. Nf5 Bxf5 14. exf5 Rfe8
15. g4 d5 16. cxd5 Nfxd5 17. Bxd5 Nxd5 18. Nxd5 Qc5+ 19. Ne3 exf4 20. Rxf4 Bg5
21. Rf3 Rad8 22. Kf1 Qd4 23. a4 Qe4 24. Ra3 Rc8 25. Rc3 Rxc3 26. bxc3 Qxa4 27.
Kg2 Qe4 28. Qf2 a5 29. h4 Bf6 30. Qc2 Qc6 31. g5 Bxc3 32. Nd1 Bb4 33. Qxc6 bxc6
34. Rd3 Kf8 35. Kf3 Re1 36. Bb2 Rf1+ 37. Kg4 Rg1+ 38. Kh5 Kg8 39. Rd8+ Bf8 40.
Bxg7 Kxg7 41. f6+ Kg8 42. Ne3 h6 43. Nf5 hxg5 44. Ne7+ Kh7 45. Rxf8 1-0